| 000 | 00354 a2200109 4500 | ||
|---|---|---|---|
| 020 | _a9788131303764 | ||
| 082 | _a333.72068 KHI | ||
| 100 | _aKhitoliya, Dr. R. K. | ||
| 245 |
_aEnvironmental Management and Conservation [Part 2]/ _cDr. R. K. Khitoliya |
||
| 260 |
_aNew Delhi : _bAPH Publishing Company, _c2008 |
||
| 300 |
_a351 to 638 _bill. ; _c21 cm |
||
| 650 | _aEnvironmental Management | ||
| 999 |
_c1153 _d1153 |
||